000 01088nam a22003377a 4500
003 CHAP
005 20220329141700.0
008 971013s1994 r 10010 d
010 _a72148
011 _a73120
035 _a82677
040 _cCHAP
082 _a584.32
_bS5
111 0 0 _aSimposio Internacional de Alliaceas Comestibles (
_n1
_d: 1994
_c: Mendoza, Argentina)
_9106253
245 _aResúmenes
260 _aMendoza, Arg. :
_bSociedad Internacional de Ciencias Hortícolas,
_c1994
300 _a138 p.
590 _aBATCH-UPD
_b10
_c20130110
_lUCH01
_h0647
590 _aBATCH-UPD
_b10
_c20130110
_lUCH01
_h2346
590 _aBATCH-UPD
_b10
_c20130410
_lUCH01
_h0331
590 _aBATCH-UPD
_b10
_c20130913
_lUCH01
_h2338
590 _aCONVERSION
_b10
_c20130109
_lUCH01
_h1339
650 1 4 _aAjo
_xGenética.
_93191
650 1 4 _aAjo
_xMercadeo.
_93200
650 1 4 _aAllium.
_94444
650 1 4 _aCebolla
_xGenética.
_920772
650 1 4 _aCebolla
_xMercadeo.
_920786
901 _aBK
942 _cLIBRO
949 _a584.32 S5
_bBC
_cCONG
_d33724000350401
_eCONG
_h86740
_i82677
_mD
_si
999 _c72148
_d72148